Health care delivery in rural Rajasthan (Record no. 59849)

000 -LEADER
fixed length control field 01108pab a2200193 454500
008 - FIXED-LENGTH DATA ELEMENTS--GENERAL INFORMATION
fixed length control field 180718b2004 xxu||||| |||| 00| 0 eng d
100 ## - MAIN ENTRY--PERSONAL NAME
Personal name Banerjee, Abhijit
245 ## - TITLE STATEMENT
Title Health care delivery in rural Rajasthan
260 ## - PUBLICATION, DISTRIBUTION, ETC.
Date of publication, distribution, etc. 2004
300 ## - PHYSICAL DESCRIPTION
Extent p.944-49.
362 ## - DATES OF PUBLICATION AND/OR SEQUENTIAL DESIGNATION
Dates of publication and/or sequential designation 28 Feb
520 ## - SUMMARY, ETC.
Summary, etc. This paper reports on a survey conducted in rural Udaipur to gauge the delivery of health care and the impact it has on the health status of the largely poor population of the region. The study shows that the quality of public service is extremely low and that unqualified private providers account for the bulk of health care provision. The low quality of public facilities has also had an adverse influence on the people's health. In an environment where people's expectations of health care providers seem to be generally low, the state has to take up the task of being the provider or regulator. - Reproduce.
650 ## - SUBJECT ADDED ENTRY--TOPICAL TERM
Topical term or geographic name entry element Health services - India - Rajasthan
650 ## - SUBJECT ADDED ENTRY--TOPICAL TERM
Topical term or geographic name entry element Health services
700 ## - ADDED ENTRY--PERSONAL NAME
Personal name Duflo, Esther
700 ## - ADDED ENTRY--PERSONAL NAME
Personal name Deaton, Angus
773 ## - HOST ITEM ENTRY
Main entry heading Economic and Political Weekly
909 ## -
-- 59849
Holdings
Withdrawn status Lost status Damaged status Not for loan Permanent Location Current Location Date acquired Serial Enumeration / chronology Barcode Date last seen Price effective from Koha item type
        Indian Institute of Public Administration Indian Institute of Public Administration 2018-07-19 Volume no: 39, Issue no: 9 AR60294 2018-07-19 2018-07-19 Articles

Powered by Koha